[Event "Copenhagen Challenge"]
[Site "Ballerup"]
[Date "2013.04.28"]
[Round "8"]
[White "Brekka, Hanus"]
[Black "Frank Nielsen, Marie"]
[Result "1/2-1/2"]
[WhiteElo "2092"]
[BlackElo "1984"]
[PlyCount "41"]
[EventDate "2013.04.24"]
[EventType "swiss"]
[EventRounds "9"]
[EventCountry "DEN"]
[SourceTitle "CBM 154 Extra"]
[Source "ChessBase"]
[SourceDate "2013.06.25"]
[SourceVersion "2"]
[SourceVersionDate "2013.06.25"]
[SourceQuality "1"]

1. e4 c5 2. Nf3 e6 3. d4 cxd4 4. Nxd4 a6 5. Nc3 Qc7 6. Bd3 Nf6 7. 0-0 Nc6 8. Nxc6 bxc6 9. Qf3 Bd6 10. h3 0-0 11. Bg5 Be5 12. Qe2 d5 13. Bd2 c5 14. exd5 exd5 15. Qf3 c4 16. Bf5 Bb7 17. Bg5 d4 18. Ne4 Bxe4 19. Bxe4 Nxe4 20. Qxe4 Rfe8 21. f4 1/2-1/2

[Event "Copenhagen Cand op"]
[Site "Copenhagen"]
[Date "2013.04.25"]
[Round "3"]
[White "Vesterli, Michael"]
[Black "Brekka, Hanus"]
[Result "1/2-1/2"]
[WhiteElo "2015"]
[BlackElo "2092"]
[PlyCount "103"]
[EventDate "2013.04.24"]
[EventType "swiss"]
[EventRounds "9"]
[EventCountry "DEN"]
[SourceTitle "EXT 2015"]
[Source "ChessBase"]
[SourceDate "2014.11.20"]
[SourceVersion "1"]
[SourceVersionDate "2014.11.20"]
[SourceQuality "1"]

1. d4 Nf6 2. c4 g6 3. Nc3 d5 4. Nf3 Bg7 5. cxd5 Nxd5 6. e4 Nxc3 7. bxc3 0-0 8. Be2 c5 9. Rb1 Nc6 10. d5 Ne5 11. Nd2 f5 12. 0-0 f4 13. c4 Qd6 14. Nf3 b6 15. Rb3 Bd7 16. Ra3 a6 17. g3 Nxf3+ 18. Bxf3 g5 19. Bg4 Be5 20. Bxd7 Qxd7 21. Qh5 Qd6 22. Qxg5+ Kh8 23. Rb3 Rg8 24. Qxe5+ Qxe5 25. Bb2 Qxb2 26. Rxb2 fxg3 27. hxg3 b5 28. cxb5 axb5 29. Rxb5 Rxa2 30. Rxc5 Re2 31. Rcc1 Rxe4 32. Rfe1 Rxe1+ 33. Rxe1 Rg7 34. Kg2 Kg8 35. f4 Kf7 36. Kf3 Rg6 37. f5 Rf6 38. g4 Ra6 39. Kf4 Ra4+ 40. Re4 Ra5 41. Ke5 Ra1 42. Rc4 Re1+ 43. Kf4 Rf1+ 44. Ke5 Re1+ 45. Kf4 Rf1+ 46. Kg5 Rd1 47. Re4 Rxd5 48. Re6 Rd1 49. Rh6 Kg7 50. Rh3 Rd6 51. Re3 Kf7 52. Rh3 1/2-1/2

[Event "Torshavn Landsliosbolkur"]
[Site "Torshavn"]
[Date "2013.03.30"]
[Round "9"]
[White "Brekka, Hanus"]
[Black "Hansen, Herluf"]
[Result "1-0"]
[WhiteElo "2076"]
[BlackElo "2087"]
[PlyCount "129"]
[EventDate "2013.03.23"]
[EventType "tourn"]
[EventRounds "9"]
[EventCountry "FAI"]
[SourceTitle "CBM 153 Extra"]
[Source "ChessBase"]
[SourceDate "2013.04.22"]
[SourceVersion "1"]
[SourceVersionDate "2013.04.22"]
[SourceQuality "1"]

1. Nc3 d5 2. e4 Nf6 3. exd5 Nxd5 4. Bc4 Nb6 5. Bb3 Nc6 6. Nf3 e6 7. d4 Be7 8. Be3 0-0 9. 0-0 Na5 10. Qe2 c6 11. Ne4 Nxb3 12. axb3 Nd5 13. Bd2 b6 14. c4 Nf6 15. Ng3 Bb7 16. Bc3 Re8 17. Rad1 a5 18. Ne5 Qc7 19. Rd3 Rad8 20. Nh5 Nxh5 21. Qxh5 g6 22. Rg3 Bf6 23. Qf3 Bg7 24. Qf4 Qe7 25. Ng4 g5 26. Qc1 f5 27. Ne5 h6 28. f4 Bxe5 29. fxe5 Kh7 30. Qc2 Rg8 31. Kh1 Rg6 32. Qf2 Rf8 33. d5 cxd5 34. Qxb6 dxc4 35. bxc4 f4 36. Rd3 f3 37. Rdxf3 Rxf3 38. Rxf3 Bxf3 39. gxf3 Qf7 40. Qe3 a4 41. c5 Qb7 42. Kg1 Qd5 43. Kf2 Rg7 44. Qe4+ Qxe4 45. fxe4 Rb7 46. Ke3 Rd7 47. Ba5 Ra7 48. Bc3 Kg6 49. Kd4 Kh5 50. c6 Kh4 51. Kc5 Kh3 52. Kb6 Ra8 53. Kb7 Re8 54. c7 Kxh2 55. c8Q Rxc8 56. Kxc8 g4 57. Kd7 g3 58. Kxe6 g2 59. Bd4 h5 60. Kd7 h4 61. e6 h3 62. e7 Kg3 63. e8Q h2 64. Qe5+ Kh3 65. Qxh2+ 1-0

[Event "Torshavn Landsliosbolkur"]
[Site "Torshavn"]
[Date "2013.03.24"]
[Round "2"]
[White "Brekka, Hanus"]
[Black "Simonsen, Hans Kristian"]
[Result "1/2-1/2"]
[WhiteElo "2076"]
[BlackElo "2199"]
[PlyCount "60"]
[EventDate "2013.03.23"]
[EventType "tourn"]
[EventRounds "9"]
[EventCountry "FAI"]
[SourceTitle "CBM 153 Extra"]
[Source "ChessBase"]
[SourceDate "2013.04.22"]
[SourceVersion "1"]
[SourceVersionDate "2013.04.22"]
[SourceQuality "1"]

1. e4 e6 2. d3 d5 3. Nd2 c5 4. g3 Nc6 5. Bg2 g6 6. Ne2 Nge7 7. 0-0 Bg7 8. f4 0-0 9. c3 dxe4 10. dxe4 e5 11. Nc4 Qxd1 12. Rxd1 Bg4 13. Re1 Rad8 14. Ne3 Be6 15. fxe5 Nxe5 16. Nf4 Bc8 17. Ned5 Nxd5 18. Nxd5 Nd3 19. Rd1 Nxc1 20. Rdxc1 Rfe8 21. Rf1 Rd6 22. Rad1 Kf8 23. Ne3 Red8 24. Rxd6 Rxd6 25. Nc4 Rd3 26. Rf3 Rxf3 27. Bxf3 Be6 28. Nd6 b6 29. Nb5 a5 30. a3 Bb3 1/2-1/2

[Event "Copenhagen Challenge"]
[Site "Ballerup"]
[Date "2011.05.22"]
[Round "8"]
[White "Brekka, Hanus"]
[Black "Kokholm, Daniel"]
[Result "1-0"]
[WhiteElo "2101"]
[BlackElo "1934"]
[PlyCount "113"]
[EventDate "2011.05.18"]
[EventType "swiss"]
[EventRounds "9"]
[EventCountry "DEN"]
[SourceTitle "EXT 2018"]
[Source "ChessBase"]
[SourceDate "2017.10.13"]
[SourceVersion "1"]
[SourceVersionDate "2017.10.13"]
[SourceQuality "1"]

1. e4 d5 2. Nc3 Nf6 3. exd5 Nxd5 4. Bc4 Nb6 5. Bb3 Nc6 6. Nf3 Bf5 7. d4 e6 8. 0-0 Be7 9. Re1 0-0 10. Ne4 Na5 11. Bd2 Nxb3 12. axb3 Bg4 13. c4 Bxf3 14. Qxf3 Qxd4 15. Bc3 Qd7 16. Rad1 Qc6 17. Qg4 f6 18. Ng3 Rad8 19. Rxd8 Bxd8 20. Rxe6 Qd7 21. Nf5 g6 22. Nd4 c5 23. Nf5 Kf7 24. Nd6+ Kg8 25. Qe2 a6 26. Qe4 Na8 27. Nxb7 f5 28. Qd5 Qxd5 29. cxd5 Nc7 30. Rd6 Bg5 31. Rd7 Rf7 32. Rd6 Nxd5 33. Nxc5 Nxc3 34. bxc3 Be7 35. Rd5 Rf6 36. Kf1 Rc6 37. b4 a5 38. Ke2 axb4 39. cxb4 Kf7 40. Kd3 Bxc5 41. Rxc5 Rd6+ 42. Kc3 h6 43. Kb3 Ke6 44. Rc2 Kd7 45. Ka4 Rd1 46. Ka5 Ra1+ 47. Kb6 Rb1 48. b5 g5 49. Ka6 Ra1+ 50. Kb7 Rb1 51. b6 f4 52. Rc7+ Kd8 53. Rc5 Ra1 54. Rd5+ Ke7 55. Kc6 Rh1 56. b7 Rc1+ 57. Kb6 1-0

[Event "Copenhagen Challenge"]
[Site "Ballerup"]
[Date "2011.05.20"]
[Round "5"]
[White "Matthiesen, Martin"]
[Black "Brekka, Hanus"]
[Result "1-0"]
[WhiteElo "2242"]
[BlackElo "2101"]
[PlyCount "45"]
[EventDate "2011.05.18"]
[EventType "swiss"]
[EventRounds "9"]
[EventCountry "DEN"]
[SourceTitle "EXT 2018"]
[Source "ChessBase"]
[SourceDate "2017.10.13"]
[SourceVersion "1"]
[SourceVersionDate "2017.10.13"]
[SourceQuality "1"]

1. d4 d5 2. c4 e6 3. Nc3 Nf6 4. cxd5 exd5 5. Bg5 Be7 6. e3 0-0 7. Bd3 c6 8. Qc2 Nbd7 9. Nge2 Re8 10. 0-0 Nf8 11. f3 Nh5 12. Bxe7 Qxe7 13. e4 dxe4 14. fxe4 Qg5 15. e5 f6 16. Ne4 Qe3+ 17. Kh1 fxe5 18. Nd6 Re6 19. Nxc8 Rxc8 20. Bc4 exd4 21. Qf5 Nf6 22. Nxd4 Nd5 23. Qf7+ 1-0

[Event "Copenhagen Challenge"]
[Site "Ballerup"]
[Date "2011.05.20"]
[Round "4"]
[White "Olsen, Peter Erik"]
[Black "Brekka, Hanus"]
[Result "1/2-1/2"]
[WhiteElo "2241"]
[BlackElo "2101"]
[PlyCount "55"]
[EventDate "2011.05.18"]
[EventType "swiss"]
[EventRounds "9"]
[EventCountry "DEN"]
[SourceTitle "EXT 2018"]
[Source "ChessBase"]
[SourceDate "2017.10.13"]
[SourceVersion "1"]
[SourceVersionDate "2017.10.13"]
[SourceQuality "1"]

1. d4 d5 2. c4 c6 3. Nf3 Nf6 4. e3 e6 5. Nc3 Be7 6. Qc2 0-0 7. b3 Nbd7 8. Bb2 b6 9. Be2 Bb7 10. 0-0 c5 11. Rfd1 Qb8 12. cxd5 exd5 13. Qf5 g6 14. Qg5 Re8 15. Rac1 Nh5 16. Qg4 Ndf6 17. Qh3 Bc8 18. g4 Bxg4 19. Qg2 Qc8 20. Ne5 Bxe2 21. Nxe2 Qe6 22. Nd3 cxd4 23. Bxd4 Bd6 24. Bxf6 Qxf6 25. Qxd5 Rad8 26. Qg2 Qf5 27. Nd4 Qe4 28. Qxe4 1/2-1/2

[Event "Taastrup Quick Weekend 13th M1"]
[Site "Taastrup"]
[Date "2011.04.02"]
[Round "3"]
[White "Brekka, Hanus"]
[Black "Lauritsen, Martin Lee"]
[Result "1/2-1/2"]
[WhiteElo "2054"]
[BlackElo "2084"]
[PlyCount "72"]
[EventDate "2011.04.01"]
[EventType "tourn"]
[EventRounds "5"]
[EventCountry "DEN"]
[SourceTitle "EXT 2023"]
[Source "ChessBase"]
[SourceDate "2022.10.05"]
[SourceVersion "1"]
[SourceVersionDate "2022.10.05"]
[SourceQuality "1"]

1. Nc3 d5 2. e4 d4 3. Nce2 c5 4. Ng3 Nc6 5. Bc4 e6 6. d3 a6 7. a4 Bd6 8. f4 Rb8 9. Nf3 b5 10. axb5 axb5 11. Bb3 h5 12. e5 Be7 13. Ne4 Nh6 14. 0-0 Bb7 15. Nfg5 g6 16. Qe2 Qd7 17. Bd2 Kf8 18. Nf6 Bxf6 19. exf6 Ng4 20. Ne4 Qd8 21. Nxc5 Nxf6 22. f5 exf5 23. Bf4 Kg7 24. Bxb8 Qxb8 25. Nxb7 Qxb7 26. Qf3 Qd7 27. Ra6 Rc8 28. Qf4 Ng4 29. h3 Ne3 30. Rfa1 Rc7 31. Rb6 Kh7 32. Ra8 Qe7 33. Re8 Qb4 34. Qxc7 Qe1+ 35. Kh2 Nf1+ 36. Kg1 Ne3+ 1/2-1/2

[Event "Taastrup Quick Weekend 13th M1"]
[Site "Taastrup"]
[Date "2011.04.01"]
[Round "1"]
[White "Brekka, Hanus"]
[Black "Rosenkilde, Alexander"]
[Result "0-1"]
[WhiteElo "2054"]
[BlackElo "2210"]
[PlyCount "62"]
[EventDate "2011.04.01"]
[EventType "tourn"]
[EventRounds "5"]
[EventCountry "DEN"]
[SourceTitle "EXT 2023"]
[Source "ChessBase"]
[SourceDate "2022.10.05"]
[SourceVersion "1"]
[SourceVersionDate "2022.10.05"]
[SourceQuality "1"]

1. e4 c5 2. Nf3 Nc6 3. Nc3 Nf6 4. Bc4 e6 5. d3 Be7 6. 0-0 0-0 7. a4 d5 8. Bb3 a6 9. Bg5 Na5 10. e5 Nxb3 11. cxb3 Nd7 12. Bxe7 Qxe7 13. d4 b6 14. a5 Rb8 15. axb6 Rxb6 16. dxc5 Nxc5 17. Nd4 Bd7 18. f4 Rb4 19. f5 Qg5 20. Kh1 Qh4 21. Nf3 Qg4 22. f6 Rxb3 23. h3 Qg6 24. Qd2 Bb5 25. Nh4 Qg3 26. Rf4 Rxb2 27. Qxb2 Qxf4 28. Nxb5 axb5 29. Qxb5 Qxe5 30. Rf1 Ne4 31. fxg7 Rb8 0-1

[Event "Taastrup Quick Weekend 12th M1"]
[Site "Taastrup"]
[Date "2010.10.03"]
[Round "4"]
[White "Brekka, Hanus"]
[Black "Andersen, Rune"]
[Result "0-1"]
[WhiteElo "2061"]
[BlackElo "2115"]
[PlyCount "122"]
[EventDate "2010.10.01"]
[EventType "tourn"]
[EventRounds "5"]
[EventCountry "DEN"]
[SourceTitle "EXT 2023"]
[Source "ChessBase"]
[SourceDate "2022.10.05"]
[SourceVersion "1"]
[SourceVersionDate "2022.10.05"]
[SourceQuality "1"]

1. e4 c5 2. Nf3 Nc6 3. Nc3 g6 4. Bb5 Nd4 5. Bc4 Bg7 6. Nxd4 cxd4 7. Ne2 Nf6 8. d3 Qb6 9. Bb3 0-0 10. 0-0 d6 11. c3 dxc3 12. Nxc3 Bd7 13. Be3 Qa5 14. Qd2 Qh5 15. Bd1 Bg4 16. f3 Bd7 17. Ne2 Qb5 18. a4 Qa6 19. Nc3 b6 20. d4 e5 21. dxe5 dxe5 22. Bg5 Be6 23. Nd5 Bxd5 24. exd5 Qc4 25. d6 Rfd8 26. Rc1 Qe6 27. Rc6 Rac8 28. Rxc8 Qxc8 29. Bb3 Qc5+ 30. Kh1 Rxd6 31. Qe2 h6 32. Be3 Qc8 33. Rc1 Qd8 34. Qc4 Qd7 35. a5 bxa5 36. h3 Nh7 37. Qe4 Nf8 38. Bc5 Ra6 39. Bc4 Rf6 40. Qa8 Qd2 41. Rf1 Rf4 42. b3 e4 43. Qe8 exf3 44. gxf3 Qd7 45. Qxd7 Nxd7 46. Bxa7 a4 47. Rf2 a3 48. Be3 Rh4 49. Ra2 Bb2 50. Kg2 Rh5 51. b4 Ne5 52. Be2 Nc6 53. Bc5 Rh4 54. b5 Nb4 55. Bxb4 Rxb4 56. Kf1 Kg7 57. Bd3 f5 58. Ke2 Kf6 59. Kd2 Ke5 60. Ke3 Bc1+ 61. Ke2 Kf4 0-1

[Event "Roskilde 100 years"]
[Site "Roskilde"]
[Date "2008.10.18"]
[Round "9"]
[White "Brekka, Hanus"]
[Black "Bromann, Thorbjorn"]
[Result "0-1"]
[WhiteElo "2019"]
[BlackElo "2416"]
[PlyCount "78"]
[EventDate "2008.10.11"]
[EventType "swiss"]
[EventRounds "9"]
[EventCountry "DEN"]
[SourceTitle "EXT 2018"]
[Source "ChessBase"]
[SourceDate "2017.10.13"]
[SourceVersion "1"]
[SourceVersionDate "2017.10.13"]
[SourceQuality "1"]

1. e4 g6 2. d4 Bg7 3. Nc3 d6 4. Be3 a6 5. a4 b6 6. Bd3 Nd7 7. Nce2 Bb7 8. f3 e5 9. c3 Ne7 10. Nh3 d5 11. 0-0 0-0 12. Ng3 c5 13. Be2 dxe4 14. fxe4 exd4 15. cxd4 Nc6 16. d5 Nd4 17. Kh1 Qe7 18. Ra3 Rae8 19. Qd2 Nxe2 20. Qxe2 h5 21. Qd2 Ne5 22. Bh6 Nc4 23. Qf4 Be5 24. Qc1 Nxa3 25. Bxf8 Rxf8 26. bxa3 Bxg3 27. hxg3 Qxe4 28. Qh6 Qxd5 29. Rf2 Qd4 30. Rd2 Qg7 31. Qf4 Re8 32. Ng5 Bc8 33. Rd6 Bf5 34. Rxb6 Re1+ 35. Kh2 Qa1 36. Rb8+ Kg7 37. g4 Rh1+ 38. Kg3 Qe1+ 39. Qf2 h4+ 0-1

[Event "Roskilde 100 years"]
[Site "Roskilde"]
[Date "2008.10.15"]
[Round "6"]
[White "Brekka, Hanus"]
[Black "Zachariassen, John"]
[Result "1-0"]
[WhiteElo "2019"]
[BlackElo "1895"]
[PlyCount "85"]
[EventDate "2008.10.11"]
[EventType "swiss"]
[EventRounds "9"]
[EventCountry "DEN"]
[SourceTitle "EXT 2018"]
[Source "ChessBase"]
[SourceDate "2017.10.13"]
[SourceVersion "1"]
[SourceVersionDate "2017.10.13"]
[SourceQuality "1"]

1. e4 g6 2. d4 Bg7 3. Nf3 c6 4. Nc3 Nf6 5. Bd3 d6 6. 0-0 Nbd7 7. Ne2 0-0 8. Ng3 e5 9. c3 a5 10. h3 Re8 11. dxe5 dxe5 12. Be3 Qe7 13. Bc2 Nc5 14. b4 axb4 15. cxb4 Ne6 16. a3 Rd8 17. Qc1 Nd4 18. Bd1 Ne8 19. Bh6 Bh8 20. Bg5 f6 21. Bd2 Be6 22. Bc3 Nxf3+ 23. Bxf3 Nd6 24. Be2 Bg7 25. Rd1 b5 26. Bd2 Nc4 27. Be3 Qf7 28. Bc5 Bf8 29. Bxc4 Bxc4 30. Qe3 Bxc5 31. Qxc5 Qe6 32. Nf1 f5 33. Nd2 Be2 34. Re1 Rxd2 35. Qe3 Ra2 36. exf5 gxf5 37. Rxa2 Qxa2 38. Rxe2 Qe6 39. Qg3+ Qg6 40. Qxe5 Rd8 41. Re3 Rd1+ 42. Kh2 Qd6 43. Rg3+ 1-0

[Event "Roskilde 100 years"]
[Site "Roskilde"]
[Date "2008.10.13"]
[Round "4"]
[White "Brekka, Hanus"]
[Black "Nielsen, Kurt Sogaard"]
[Result "1-0"]
[WhiteElo "2019"]
[BlackElo "1612"]
[PlyCount "53"]
[EventDate "2008.10.11"]
[EventType "swiss"]
[EventRounds "9"]
[EventCountry "DEN"]
[SourceTitle "EXT 2018"]
[Source "ChessBase"]
[SourceDate "2017.10.13"]
[SourceVersion "1"]
[SourceVersionDate "2017.10.13"]
[SourceQuality "1"]

1. e4 c5 2. Nf3 e6 3. Nc3 Nc6 4. d4 cxd4 5. Nxd4 a6 6. Be3 d6 7. Be2 Be7 8. a4 Nf6 9. 0-0 0-0 10. f4 Qc7 11. Kh1 Nxd4 12. Bxd4 e5 13. Be3 b6 14. Qe1 Bb7 15. Bf3 Rfd8 16. Rd1 Bc6 17. Qg3 b5 18. a5 b4 19. Bb6 Qb7 20. Bxd8 Rxd8 21. fxe5 bxc3 22. exf6 Bxf6 23. e5 Bxe5 24. Qxe5 Bxf3 25. Rxf3 cxb2 26. Qe1 h6 27. Rb3 1-0

[Event "Roskilde 100 years"]
[Site "Roskilde"]
[Date "2008.10.12"]
[Round "3"]
[White "Meldal, Peter"]
[Black "Brekka, Hanus"]
[Result "0-1"]
[WhiteElo "1236"]
[BlackElo "2019"]
[PlyCount "42"]
[EventDate "2008.10.11"]
[EventType "swiss"]
[EventRounds "9"]
[EventCountry "DEN"]
[SourceTitle "EXT 2018"]
[Source "ChessBase"]
[SourceDate "2017.10.13"]
[SourceVersion "1"]
[SourceVersionDate "2017.10.13"]
[SourceQuality "1"]

1. e4 c5 2. Nf3 e6 3. d4 cxd4 4. Nxd4 Nf6 5. Nc3 Bb4 6. Bg5 Qa5 7. Bxf6 Bxc3+ 8. bxc3 Qxc3+ 9. Ke2 gxf6 10. Nb5 Qe5 11. Nd6+ Ke7 12. Nxc8+ Rxc8 13. f3 f5 14. Rb1 fxe4 15. Kf2 Qc5+ 16. Ke1 exf3 17. Qxf3 Qxc2 18. Bd3 Qc3+ 19. Ke2 Nc6 20. Qg3 Nd4+ 21. Ke3 Nf5+ 0-1

[Event "Politiken Cup 27th"]
[Site "Copenhagen"]
[Date "2005.07.18"]
[Round "4"]
[White "Brinck Claussen, Bjorn"]
[Black "Brekka, Hanus"]
[Result "1-0"]
[WhiteElo "2348"]
[BlackElo "2105"]
[PlyCount "97"]
[EventDate "2005.07.16"]
[EventType "swiss"]
[EventRounds "10"]
[EventCountry "DEN"]
[SourceTitle "CBM 107 Extra"]
[Source "ChessBase"]
[SourceDate "2005.09.01"]
[SourceVersion "1"]
[SourceVersionDate "2005.09.01"]
[SourceQuality "1"]

1. e4 e5 2. Nf3 Nf6 3. Nxe5 d6 4. Nf3 Nxe4 5. d4 d5 6. Bd3 Be7 7. 0-0 0-0 8. c4 c6 9. Qc2 f5 10. Nc3 Be6 11. Qb3 Qb6 12. cxd5 Qxb3 13. axb3 Bxd5 14. Nxd5 cxd5 15. Ne5 Bb4 16. Rd1 Nc6 17. Nxc6 bxc6 18. f3 Nd6 19. Ra6 Nb5 20. Bxb5 cxb5 21. Bf4 Rf6 22. Rda1 Rxa6 23. Rxa6 Re8 24. Be5 Re7 25. Kf2 Rd7 26. Ke3 Be7 27. Kf4 g6 28. Ke3 Kf7 29. Kd3 b4 30. Bb8 Rb7 31. Bxa7 Rc7 32. Ra1 Rb7 33. Bc5 Rc7 34. Ra5 Bg5 35. Bxb4 Rb7 36. Bc3 Ke6 37. b4 Bd8 38. Ra6+ Kd7 39. Kc2 Bb6 40. Ra8 Kc6 41. Kb3 Re7 42. Rf8 Re2 43. Ka4 Rxg2 44. Rf6+ Kb7 45. Kb5 Bc7 46. Rf7 Rxh2 47. Kc5 Re2 48. b5 Kc8 49. b6 1-0

[Event "DEN-ch MA7 Gr2"]
[Site "Koge"]
[Date "2004.04.12"]
[Round "7"]
[White "Nielsen, Per"]
[Black "Brekka, Hanus"]
[Result "0-1"]
[WhiteElo "2058"]
[BlackElo "2085"]
[PlyCount "64"]
[EventDate "2004.04.06"]
[EventType "tourn"]
[EventRounds "7"]
[EventCountry "DEN"]
[SourceTitle "EXT 2018"]
[Source "ChessBase"]
[SourceDate "2017.10.13"]
[SourceVersion "1"]
[SourceVersionDate "2017.10.13"]
[SourceQuality "1"]

1. d4 Nf6 2. c4 g6 3. Nc3 Bg7 4. e4 d6 5. f4 0-0 6. Nf3 Bg4 7. Be3 c6 8. h3 Bxf3 9. Qxf3 Qa5 10. e5 Nfd7 11. Bd3 Na6 12. 0-0 Nb4 13. Bb1 c5 14. d5 dxe5 15. f5 Nf6 16. Ne4 Nxe4 17. Bxe4 Qb6 18. h4 Qd6 19. h5 h6 20. f6 Bxf6 21. hxg6 fxg6 22. Qg4 Bg5 23. Bxg5 hxg5 24. Qxg5 Kg7 25. a3 Na6 26. b4 cxb4 27. axb4 Nxb4 28. Bxg6 Qb6+ 29. Kh2 Qxg6 30. Qxe7+ Rf7 31. Rxf7+ Qxf7 32. Qxb4 Qf4+ 0-1

[Event "DEN-ch MA7 Gr2"]
[Site "Koge"]
[Date "2004.04.07"]
[Round "2"]
[White "Brekka, Hanus"]
[Black "Jensen, Lars Max"]
[Result "1/2-1/2"]
[WhiteElo "2085"]
[BlackElo "2081"]
[PlyCount "86"]
[EventDate "2004.04.06"]
[EventType "tourn"]
[EventRounds "7"]
[EventCountry "DEN"]
[SourceTitle "EXT 2018"]
[Source "ChessBase"]
[SourceDate "2017.10.13"]
[SourceVersion "1"]
[SourceVersionDate "2017.10.13"]
[SourceQuality "1"]

1. e4 e6 2. d3 c5 3. f4 Nc6 4. Nf3 d6 5. c3 g6 6. Be2 Bg7 7. 0-0 Qb6 8. Na3 Nge7 9. Nc4 Qc7 10. Ne3 f5 11. Ng5 h6 12. Nh3 Bd7 13. Bd2 0-0-0 14. Rc1 e5 15. Nd5 Nxd5 16. exd5 Ne7 17. Bf3 exf4 18. Nxf4 g5 19. Nh5 Rhg8 20. Re1 Be8 21. Nxg7 Rxg7 22. g3 Ng6 23. d4 f4 24. Qe2 Bf7 25. Bg4+ Kb8 26. Be6 cxd4 27. cxd4 Qb6 28. Rc4 Be8 29. Rec1 a6 30. a4 Ne5 31. Ba5 Qxa5 32. dxe5 Qb6+ 33. Kh1 fxg3 34. hxg3 Bd7 35. Bxd7 Rdxd7 36. e6 Rde7 37. b4 Ka7 38. a5 Qb5 39. Qf2+ b6 40. Qf8 Qxd5+ 41. Kh2 Qd2+ 42. Kh1 Qd5+ 43. Kh2 Qd2+ 1/2-1/2

[Event "Roskilde Domkirke"]
[Site "Roskilde"]
[Date "1997.11.27"]
[Round "6"]
[White "Brekka, Hanus"]
[Black "Madsen, Hans Henrik"]
[Result "0-1"]
[WhiteElo "2005"]
[BlackElo "2048"]
[PlyCount "114"]
[EventDate "1997.10.23"]
[EventType "tourn"]
[EventRounds "7"]
[EventCountry "DEN"]
[SourceTitle "EXT 2018"]
[Source "ChessBase"]
[SourceDate "2017.10.13"]
[SourceVersion "1"]
[SourceVersionDate "2017.10.13"]
[SourceQuality "1"]

1. Nc3 d5 2. e4 dxe4 3. Nxe4 e5 4. Bc4 f5 5. Ng3 Nf6 6. d3 Nc6 7. Bd2 Bc5 8. Nf3 f4 9. Ne4 Nxe4 10. dxe4 Bg4 11. c3 Qf6 12. b4 Bb6 13. a4 a5 14. b5 Ne7 15. Bc1 Rd8 16. Qe2 Bc5 17. Ba3 Bxa3 18. Rxa3 Qd6 19. Ra2 Qc5 20. 0-0 Bxf3 21. gxf3 Rf8 22. Kh1 Rf6 23. Rg1 Rg6 24. Rxg6 Nxg6 25. Ra1 Qd6 26. Qa2 Qd2 27. Be2 Qxa2 28. Rxa2 b6 29. Kg1 Nf8 30. Kf1 Rd6 31. Rc2 Nd7 32. Bc4 Nc5 33. Ra2 Rd1+ 34. Ke2 Rh1 35. Bd5 Rxh2 36. Ra1 Rh6 37. Bc6+ Ke7 38. Bd5 Rg6 39. Rh1 Nxa4 40. Kd2 h6 41. Rh5 Kd6 42. Rf5 Rf6 43. Rh5 Nc5 44. Rh1 Rg6 45. Bf7 Rf6 46. Bd5 Ne6 47. Ke2 Kc5 48. Rb1 Ng5 49. Bc6 Rd6 50. Bd5 Nh7 51. Rg1 g5 52. Bc6 Nf6 53. Rb1 Ng8 54. Bd5 Ne7 55. Ba2 Nc8 56. Bb3 Na7 57. Ba4 Kc4 0-1

[Event "Roskilde Domkirke"]
[Site "Roskilde"]
[Date "1997.10.23"]
[Round "1"]
[White "Brekka, Hanus"]
[Black "Andersen, Henrik Bloch"]
[Result "1/2-1/2"]
[WhiteElo "2005"]
[BlackElo "1923"]
[PlyCount "54"]
[EventDate "1997.10.23"]
[EventType "tourn"]
[EventRounds "7"]
[EventCountry "DEN"]
[SourceTitle "EXT 2018"]
[Source "ChessBase"]
[SourceDate "2017.10.13"]
[SourceVersion "1"]
[SourceVersionDate "2017.10.13"]
[SourceQuality "1"]

1. e4 e5 2. Nf3 Nc6 3. d4 exd4 4. Nxd4 d6 5. Bc4 Nxd4 6. Qxd4 Qf6 7. Qd1 Be6 8. Be2 Qg6 9. Bf3 Nf6 10. Qe2 c6 11. c4 Be7 12. Nc3 0-0 13. h4 h5 14. Bg5 Rfe8 15. 0-0 Ng4 16. Bxg4 Bxg4 17. f3 Be6 18. Bxe7 Rxe7 19. Rad1 Rd7 20. Kh2 Qf6 21. g3 Qe5 22. f4 Qc5 23. Qf2 Qxf2+ 24. Rxf2 Bxc4 25. b3 Ba6 26. e5 d5 27. Ne4 b6 1/2-1/2

[Event "Roskilde Domkirke"]
[Site "Roskilde"]
[Date "1996.10.31"]
[Round "2"]
[White "Brekka, Hanus"]
[Black "Asmund, Gert"]
[Result "1/2-1/2"]
[WhiteElo "1977"]
[BlackElo "2008"]
[PlyCount "67"]
[EventDate "1996.10.24"]
[EventType "tourn"]
[EventRounds "7"]
[EventCountry "DEN"]
[SourceTitle "EXT 2018"]
[Source "ChessBase"]
[SourceDate "2017.10.13"]
[SourceVersion "1"]
[SourceVersionDate "2017.10.13"]
[SourceQuality "1"]

1. Nf3 Nf6 2. c4 c5 3. Nc3 Nc6 4. g3 e6 5. Bg2 Be7 6. 0-0 0-0 7. b3 b6 8. Bb2 Bb7 9. d3 d5 10. cxd5 exd5 11. Rc1 Re8 12. d4 Rb8 13. Nb1 Ne4 14. Nc3 Bf6 15. e3 Ba6 16. Re1 Nb4 17. Bf1 Bxf1 18. Rxf1 Nxc3 19. Rxc3 Nxa2 20. Rc2 Nb4 21. Rc1 a5 22. Ba3 Rc8 23. Qd2 Qd7 24. Rfd1 Qf5 25. Ne1 cxd4 26. Rxc8 Rxc8 27. Bxb4 dxe3 28. fxe3 axb4 29. Qxb4 Qe6 30. Rd3 d4 31. exd4 Rc1 32. Kf2 Be7 33. Qd2 Bg5 34. Qe2 1/2-1/2